[Event "BCF-chT2 1819 (4NCL) Demotion"]
[Site "England"]
[Date "2019.05.06"]
[Round "11.67"]
[White "Baruch, Andrew JD"]
[Black "Shepley, Julien M"]
[Result "1-0"]
[WhiteElo "2035"]
[BlackElo "1947"]
[PlyCount "67"]
[EventDate "2018.11.10"]
[EventType "team-tourn"]
[EventRounds "11"]
[EventCountry "ENG"]
[SourceTitle "EXT 2021"]
[Source "ChessBase"]
[SourceDate "2020.10.23"]
[SourceVersion "1"]
[SourceVersionDate "2020.10.23"]
[SourceQuality "1"]
[WhiteTeam "Warwicks Select"]
[BlackTeam "Guildford III"]
[WhiteTeamCountry "ENG"]
[BlackTeamCountry "ENG"]

1. c4 d6 2. g3 e5 3. Bg2 f5 4. d3 Nf6 5. f4 Be7 6. Nc3 Nbd7 7. Nf3 0-0 8. 0-0 a5 9. Kh1 Qe8 10. Be3 Ng4 11. Bg1 exf4 12. gxf4 Qh5 13. Qe1 Nc5 14. Qg3 Bd7 15. Nd5 Bd8 16. Ne1 Bh4 17. Qh3 Ne5 18. Bxc5 Ng4 19. Bd4 c6 20. Nb6 Rad8 21. Nxd7 Rxd7 22. e4 g6 23. exf5 gxf5 24. Bf3 Kf7 25. Bf2 Nxf2+ 26. Rxf2 Qh6 27. Qxf5+ Ke7 28. Re2+ Kd8 29. Qxa5+ Kc8 30. Bg4 Qxf4 31. Qh5 Bg5 32. Re8+ Bd8 33. Rxf8 Qxf8 34. Qf5 1-0

[Event "BCF-chT2b 1617 (4NCL)"]
[Site "England"]
[Date "2017.02.11"]
[Round "5.76"]
[White "Baruch, Andrew JD"]
[Black "Shepley, Julien M"]
[Result "1/2-1/2"]
[WhiteElo "2098"]
[BlackElo "1992"]
[PlyCount "88"]
[EventDate "2016.11.19"]
[EventType "team-tourn"]
[EventRounds "11"]
[EventCountry "ENG"]
[SourceTitle "EXT 2019"]
[Source "ChessBase"]
[SourceDate "2018.10.10"]
[SourceVersion "1"]
[SourceVersionDate "2018.10.10"]
[SourceQuality "1"]
[WhiteTeam "Warwicks Select"]
[BlackTeam "Guildford III"]
[WhiteTeamCountry "ENG"]
[BlackTeamCountry "ENG"]

1. g3 d5 2. c4 e6 3. Bg2 Nf6 4. Nf3 Be7 5. 0-0 0-0 6. b3 b6 7. Bb2 Bb7 8. d3 c5 9. e3 Nc6 10. Nbd2 Nb4 11. Ne5 Qc7 12. a3 Nc6 13. Ng4 Nxg4 14. Qxg4 Ne5 15. Qe2 Bf6 16. cxd5 exd5 17. d4 Nd7 18. Rac1 Rfe8 19. Nf3 Rad8 20. Rfd1 Qb8 21. Bh3 cxd4 22. Bxd4 Ne5 23. Nxe5 Bxe5 24. Bg2 Qd6 25. Qb2 Kf8 26. b4 Bxd4 27. Qxd4 Qe5 28. a4 Re7 29. Qxe5 Rxe5 30. Rd4 Ke7 31. e4 Rc8 32. Rxc8 Bxc8 33. f4 Re6 34. e5 Bb7 35. b5 f6 36. Bxd5 fxe5 37. fxe5 Bxd5 38. Rxd5 Rg6 39. Rd4 Rg5 40. Rc4 Kd8 41. Re4 Ke7 42. Kf2 Ke6 43. Rc4 Rf5+ 44. Kg2 Rf7 1/2-1/2

[Event "BCF-chT2a 1516 (4NCL)"]
[Site "England"]
[Date "2016.01.24"]
[Round "4.216"]
[White "Regan, Natasha"]
[Black "Baruch, Andrew JD"]
[Result "1/2-1/2"]
[WhiteElo "2060"]
[BlackElo "2067"]
[PlyCount "81"]
[EventDate "2015.11.14"]
[EventType "team-tourn"]
[EventRounds "7"]
[EventCountry "ENG"]
[SourceTitle "CBM 170 Extra"]
[Source "ChessBase"]
[SourceDate "2016.02.25"]
[SourceVersion "1"]
[SourceVersionDate "2016.02.25"]
[SourceQuality "1"]
[WhiteTeam "Barbican Youth"]
[BlackTeam "Warwicks Select"]
[WhiteTeamCountry "ENG"]
[BlackTeamCountry "ENG"]

1. Nf3 g6 2. c4 Bg7 3. g3 c5 4. Bg2 Nc6 5. 0-0 Nf6 6. Nc3 0-0 7. d4 cxd4 8. Nxd4 Nxd4 9. Qxd4 d6 10. Qh4 Qb6 11. Rb1 Be6 12. Nd5 Bxd5 13. cxd5 Qa6 14. e4 Qxa2 15. Be3 Rfc8 16. Ra1 Qb3 17. Bxa7 Rc4 18. Be3 Rxa1 19. Rxa1 h5 20. Ra8+ Kh7 21. Bf3 Bh6 22. Bxh5 gxh5 23. Bxh6 Rxe4 24. Qg5 Re1+ 25. Kg2 Qxd5+ 26. Qxd5 Nxd5 27. Bd2 Re2 28. Bc3 Nxc3 29. bxc3 Kg6 30. h4 Rc2 31. Ra7 Rxc3 32. Rxb7 Kf6 33. Rb4 d5 34. Kf1 Rc2 35. Ke1 e6 36. Rb8 d4 37. Rd8 e5 38. Rh8 Kg6 39. Rg8+ Kh6 40. Rh8+ Kg6 41. Rg8+ 1/2-1/2

[Event "BCF-chT3 1415 (4NCL)"]
[Site "England"]
[Date "2015.03.22"]
[Round "8.116"]
[White "Baruch, Andrew JD"]
[Black "Roberts, Colin J"]
[Result "1/2-1/2"]
[WhiteElo "2070"]
[BlackElo "2057"]
[PlyCount "41"]
[EventDate "2015.03.21"]
[EventType "team-swiss"]
[EventRounds "11"]
[EventCountry "ENG"]
[SourceTitle "EXT 2016"]
[Source "ChessBase"]
[SourceDate "2015.10.08"]
[SourceVersion "1"]
[SourceVersionDate "2015.10.08"]
[SourceQuality "1"]
[WhiteTeam "Warwicks Select II"]
[BlackTeam "Shropshire"]
[WhiteTeamCountry "ENG"]
[BlackTeamCountry "ENG"]

1. g3 g6 2. Bg2 Bg7 3. c4 c5 4. Nc3 Nc6 5. Nf3 Nf6 6. 0-0 0-0 7. d4 cxd4 8. Nxd4 Nxd4 9. Qxd4 d6 10. Bg5 h6 11. Bxf6 Bxf6 12. Qd2 Qa5 13. Rac1 Rb8 14. Rfd1 Kg7 15. Nd5 Qxd2 16. Rxd2 b6 17. b3 Bb7 18. e3 Rfd8 19. f4 Rd7 20. a4 e6 21. Nxf6 1/2-1/2

[Event "4NCL-chT rapid"]
[Site "Daventry"]
[Date "2013.10.05"]
[Round "5.8"]
[White "Baruch, Andrew JD"]
[Black "Bourne, Iain"]
[Result "1-0"]
[WhiteElo "2078"]
[BlackElo "1918"]
[PlyCount "57"]
[EventDate "2013.10.05"]
[EventType "team-swiss (rapid)"]
[EventRounds "7"]
[EventCountry "ENG"]
[SourceTitle "CBM 156 Extra"]
[Source "ChessBase"]
[SourceDate "2013.10.22"]
[SourceVersion "1"]
[SourceVersionDate "2013.10.22"]
[SourceQuality "1"]
[WhiteTeam "Warwicks Select"]
[BlackTeam "Leeds University Old Boys"]
[WhiteTeamCountry "ENG"]
[BlackTeamCountry "ENG"]

1. g3 c5 2. Bg2 Nc6 3. c4 g6 4. Nc3 Bg7 5. a3 d6 6. Rb1 a5 7. Nf3 e5 8. 0-0 Nge7 9. d3 h6 10. Ne1 0-0 11. Nc2 Be6 12. Nd5 f5 13. b4 axb4 14. axb4 Bxd5 15. cxd5 Nxb4 16. Nxb4 cxb4 17. Rxb4 Qc7 18. Qb3 Rfb8 19. Be3 Nc8 20. Rb1 b6 21. Rc1 Qa7 22. h4 Kh7 23. Rbc4 Qa5 24. Rc7 b5 25. Qc2 Qa6 26. Rxg7+ Kxg7 27. Qc7+ Kh8 28. Qd8+ Kg7 29. Rc7+ 1-0

[Event "4NCL-chT rapid"]
[Site "Daventry"]
[Date "2013.10.05"]
[Round "7.4"]
[White "Talsma, Paul"]
[Black "Baruch, Andrew JD"]
[Result "1-0"]
[WhiteElo "2192"]
[BlackElo "2078"]
[PlyCount "54"]
[EventDate "2013.10.05"]
[EventType "team-swiss (rapid)"]
[EventRounds "7"]
[EventCountry "ENG"]
[SourceTitle "CBM 156 Extra"]
[Source "ChessBase"]
[SourceDate "2013.10.22"]
[SourceVersion "1"]
[SourceVersionDate "2013.10.22"]
[SourceQuality "1"]
[WhiteTeam "RSJ"]
[BlackTeam "Warwicks Select"]
[WhiteTeamCountry "ENG"]
[BlackTeamCountry "ENG"]

1. d4 g6 2. e4 Bg7 3. Nf3 d6 4. Bc4 Nf6 5. Qe2 0-0 6. 0-0 Bg4 7. e5 Ne8 8. Nbd2 Nc6 9. Qe4 Bf5 10. Qh4 dxe5 11. dxe5 Nxe5 12. Nxe5 Bxe5 13. Nf3 Bg7 14. Bh6 e6 15. Ng5 Qf6 16. g4 Bxc2 17. Rac1 Ba4 18. Rc3 Bxh6 19. Qxh6 Qg7 20. Qh4 h6 21. Ne4 Bc6 22. Re1 Bxe4 23. Rxe4 Nd6 24. Ree3 Nxc4 25. Rxc4 c6 26. Rd3 Rfd8 27. Rxd8+ Kh7 1-0

[Event "BCF-chT1b 1213 (4NCL)"]
[Site "England"]
[Date "2012.11.04"]
[Round "2.173"]
[White "Ansell, Simon"]
[Black "Baruch, Andrew JD"]
[Result "1-0"]
[WhiteElo "2377"]
[BlackElo "2079"]
[PlyCount "69"]
[EventDate "2012.11.03"]
[EventType "team-tourn"]
[EventRounds "7"]
[EventCountry "ENG"]
[SourceTitle "EXT 2013"]
[Source "ChessBase"]
[SourceDate "2012.11.22"]
[SourceVersion "1"]
[SourceVersionDate "2012.11.22"]
[SourceQuality "1"]
[WhiteTeam "Blackthorne Russia"]
[BlackTeam "Warwicks Select"]
[WhiteTeamCountry "ENG"]
[BlackTeamCountry "ENG"]

1. e4 g6 2. d4 Bg7 3. Nf3 d6 4. Bd3 e5 5. Bg5 f6 6. Be3 Nh6 7. h3 Nf7 8. c3 c6 9. Nbd2 Be6 10. Bc2 Qe7 11. Bb3 d5 12. 0-0 0-0 13. Re1 Na6 14. Qe2 Nc7 15. Rad1 b6 16. c4 Rad8 17. cxd5 cxd5 18. dxe5 Nxe5 19. Nd4 dxe4 20. Nxe6 Nxe6 21. Nxe4 Kh8 22. Nc3 Nc5 23. Bd5 a5 24. Qb5 Qa7 25. a3 f5 26. Bg5 Rc8 27. Ba2 h6 28. Bf4 Nc6 29. Nd5 Nd4 30. Qxb6 Qxb6 31. Nxb6 Rcd8 32. Bc7 Ne2+ 33. Kf1 Rxd1 34. Rxd1 Nd4 35. Bd6 1-0

[Event "BCF-chT2b 1112 (4NCL)"]
[Site "England"]
[Date "2012.01.15"]
[Round "4.7"]
[White "Baruch, Andrew JD"]
[Black "Jameson, David"]
[Result "1/2-1/2"]
[WhiteElo "2085"]
[BlackElo "2077"]
[PlyCount "41"]
[EventDate "2011.11.12"]
[EventType "team-match"]
[EventRounds "7"]
[EventCountry "ENG"]
[SourceTitle "EXT 2013"]
[Source "ChessBase"]
[SourceDate "2012.11.22"]
[SourceVersion "1"]
[SourceVersionDate "2012.11.22"]
[SourceQuality "1"]
[WhiteTeam "Warwicks Select"]
[BlackTeam "South Wales Dragons"]
[WhiteTeamCountry "ENG"]
[BlackTeamCountry "ENG"]

1. c4 e5 2. Nf3 Nc6 3. d4 exd4 4. Nxd4 Bb4+ 5. Bd2 Bxd2+ 6. Qxd2 Nxd4 7. Qxd4 Qf6 8. e3 b6 9. Qe4+ Ne7 10. Nc3 c6 11. Qc2 Qg6 12. Bd3 Qxg2 13. 0-0-0 Qh3 14. Ne4 Qh6 15. c5 0-0 16. Nd6 Nd5 17. Bc4 bxc5 18. Bxd5 cxd5 19. Rxd5 Bb7 20. Nxb7 Qc6 21. Rhd1 1/2-1/2

[Event "BCF-chT1a 1011 (4NCL)"]
[Site "England"]
[Date "2010.11.06"]
[Round "1.14"]
[White "Cox, John J"]
[Black "Baruch, Andrew JD"]
[Result "1-0"]
[WhiteElo "2398"]
[BlackElo "2089"]
[PlyCount "93"]
[EventDate "2010.11.06"]
[EventType "team-tourn"]
[EventRounds "7"]
[EventCountry "ENG"]
[SourceTitle "CBM 139 Extra"]
[Source "ChessBase"]
[SourceDate "2011.01.05"]
[SourceVersion "1"]
[SourceVersionDate "2011.01.05"]
[SourceQuality "1"]
[WhiteTeam "Barbican"]
[BlackTeam "Warwicks Select"]
[WhiteTeamCountry "ENG"]
[BlackTeamCountry "ENG"]

1. c4 g6 2. g3 Bg7 3. Bg2 e5 4. Nc3 Nc6 5. e4 d6 6. Nge2 h5 7. h4 Nh6 8. d3 Nd4 9. Nxd4 exd4 10. Ne2 Ng4 11. f3 Ne3 12. Bxe3 dxe3 13. Qc1 c6 14. 0-0 0-0 15. Rb1 Qa5 16. a3 d5 17. cxd5 cxd5 18. Qxe3 dxe4 19. dxe4 Be6 20. f4 Bc4 21. e5 Rfd8 22. Rfd1 Bf8 23. Kh2 Bc5 24. Qc3 Qxc3 25. Nxc3 Bb3 26. Rxd8+ Rxd8 27. Re1 Rd3 28. Re2 b6 29. Ne4 Bd4 30. Nf6+ Kg7 31. Be4 Rd1 32. Bc2 Bxc2 33. Rxc2 Rb1 34. b4 Ra1 35. Rd2 Bc3 36. Rd8 Rxa3 37. Rg8+ Kh6 38. Rh8+ Kg7 39. Rg8+ Kh6 40. Ne8 Kh7 41. Rg7+ Kh8 42. Rxf7 Kg8 43. Rc7 Bxb4 44. Nf6+ Kf8 45. e6 Ra2+ 46. Kh3 Re2 47. Rf7# 1-0

[Event "BCF-chT2c 0910 (4NCL) Promotion pool"]
[Site "England"]
[Date "2010.03.28"]
[Round "8.7"]
[White "Ynojosa Aponte, Angelica Maria"]
[Black "Baruch, Andrew JD"]
[Result "0-1"]
[WhiteElo "1753"]
[BlackElo "2089"]
[PlyCount "50"]
[EventDate "2009.10.24"]
[EventType "team-tourn"]
[EventRounds "4"]
[EventCountry "ENG"]
[SourceTitle "EXT 2010"]
[Source "ChessBase"]
[SourceDate "2010.11.25"]
[SourceVersion "1"]
[SourceVersionDate "2010.11.25"]
[SourceQuality "1"]
[WhiteTeam "Barbican Youth"]
[BlackTeam "Warwicks Select"]
[WhiteTeamCountry "ENG"]
[BlackTeamCountry "ENG"]

1. e4 g6 2. d4 Bg7 3. Nf3 d6 4. Be2 Nf6 5. Nc3 0-0 6. 0-0 Bg4 7. h3 Bxf3 8. Bxf3 Nc6 9. Be3 e5 10. d5 Ne7 11. Qd2 Nd7 12. Bh6 f5 13. Bxg7 Kxg7 14. Kh2 Nf6 15. exf5 Nxf5 16. g4 Nd4 17. Bg2 Nxg4+ 18. hxg4 Qh4+ 19. Kg1 Qxg4 20. Kh1 Nf3 21. Bxf3 Rxf3 22. Qe3 Raf8 23. Rae1 R8f5 24. Qxf3 Qxf3+ 25. Kg1 Rg5+ 0-1

[Event "BCF-chT2b 0910 (4NCL)"]
[Site "England"]
[Date "2010.02.20"]
[Round "5.7"]
[White "Williamson, Kevin J"]
[Black "Baruch, Andrew JD"]
[Result "0-1"]
[WhiteElo "2045"]
[BlackElo "2089"]
[PlyCount "116"]
[EventDate "2009.10.24"]
[EventType "team-tourn"]
[EventRounds "11"]
[EventCountry "ENG"]
[SourceTitle "EXT 2010"]
[Source "ChessBase"]
[SourceDate "2010.11.25"]
[SourceVersion "1"]
[SourceVersionDate "2010.11.25"]
[SourceQuality "1"]
[WhiteTeam "FCA Solutions"]
[BlackTeam "Warwicks Select"]
[WhiteTeamCountry "ENG"]
[BlackTeamCountry "ENG"]

1. d4 g6 2. e4 Bg7 3. Nc3 d6 4. Bc4 Nf6 5. Qe2 e5 6. dxe5 dxe5 7. Nf3 Nc6 8. 0-0 0-0 9. Rd1 Nd4 10. Nxd4 exd4 11. Bg5 h6 12. Bxf6 Qxf6 13. Nd5 Qd8 14. Nf4 Qg5 15. g3 Kh7 16. h4 Qe5 17. Nd3 Qe7 18. Re1 Bd7 19. e5 Rae8 20. h5 b5 21. Bd5 Qg5 22. hxg6+ fxg6 23. Kg2 c5 24. f4 Qf5 25. Rh1 c4 26. Nc5 Bxe5 27. Be4 Bd6 28. Qf3 Qxc5 29. Rh5 Bc6 30. Bxc6 Qxh5 31. g4 Qc5 32. Bxe8 Rxe8 33. Rh1 Re3 34. Qb7+ Qc7 35. Qd5 Qe7 36. Qxd4 Qe4+ 37. Qxe4 Rxe4 38. Rd1 Bc5 39. Rd7+ Re7 40. Rd5 Bb6 41. Rxb5 Re2+ 42. Kf3 Rxc2 43. Ke4 c3 44. bxc3 Rxc3 45. f5 Rc5 46. Rb4 gxf5+ 47. gxf5 Kg7 48. Rb3 Kf6 49. Rh3 Re5+ 50. Kd3 Re3+ 51. Rxe3 Bxe3 52. Kxe3 Kxf5 53. Kf3 a5 54. a4 Ke5 55. Kg4 Kd4 56. Kh5 Kc4 57. Kxh6 Kb4 58. Kg5 Kxa4 0-1

[Event "Bristol SBC op"]
[Site "Bristol"]
[Date "2009.08.15"]
[Round "2"]
[White "Kennedy, Craig"]
[Black "Baruch, Andrew JD"]
[Result "1/2-1/2"]
[WhiteElo "2036"]
[BlackElo "2085"]
[PlyCount "40"]
[EventDate "2009.08.14"]
[EventType "swiss"]
[EventRounds "5"]
[EventCountry "ENG"]
[SourceTitle "CBM 131 Extra"]
[Source "ChessBase"]
[SourceDate "2009.09.03"]
[SourceVersion "2"]
[SourceVersionDate "2009.09.16"]
[SourceQuality "1"]

1. e4 Nf6 2. Nc3 d5 3. e5 Ne4 4. Qf3 Nxc3 5. dxc3 c5 6. Bf4 Nc6 7. 0-0-0 e6 8. Qg3 Qa5 9. Kb1 c4 10. Nf3 b5 11. Nd4 Bd7 12. Nxc6 Bxc6 13. Be2 Rb8 14. b4 cxb3 15. cxb3 g6 16. h4 h5 17. Bg5 b4 18. c4 dxc4 19. Bxc4 Bg7 20. Rhe1 Bb5 1/2-1/2